| 000 | 00874cam a2200289 i 4500 | ||
|---|---|---|---|
| 001 | 619 | ||
| 005 | 20230627095154.0 | ||
| 008 | 790108s1980 nyua j 000 1 eng | ||
| 020 | _a0394841840 | ||
| 020 | _a0394941845 (lib. bdg.) | ||
| 040 |
_aDLC _cDLC _dDLC _beng |
||
| 050 | 0 | 0 |
_aPZ7.R71973 _bMe |
| 082 | 0 | 0 | _a[E] |
| 100 | 1 |
_aRoss, Pat, _d1943- |
|
| 245 | 1 | 0 |
_aMeet M and M / _cby Pat Ross ; illustrated by Marylin Hafner. |
| 260 |
_aNew York : _bPuffin, _c1997. |
||
| 300 |
_a41 pages : _billustrated ; _c22 cm. |
||
| 490 | 0 | _aAn I am reading book | |
| 505 | _aK | ||
| 520 | _aBest friends Mandy and Mimi do everything together until they have a falling out. | ||
| 521 |
_a560
_bLexile |
||
| 521 |
_aK
_bRaz-Plus |
||
| 650 | 1 |
_aFriendship _xFiction. |
|
| 700 | 1 | _aHafner, Marylin. | |
| 906 |
_a7 _bcbc _corignew _d1 _eocip _f19 _gy-gencatlg |
||
| 942 |
_2ddc _cBK _n0 |
||
| 999 |
_c619 _d619 |
||